000 00270nam a22001097a 4500
082 _a080
100 _aMaxwell, John C
_980818
245 _aDeveloping the Leader With in You
260 _aDelhi
_bSudesh Sahitya Mandal
_c2018
650 _aMotivation
_980819
942 _cBK
999 _c64061
_d64061